| 000 | 00494cam a22001097a 4500 | ||
|---|---|---|---|
| 008 | 180718b1957 xxu||||| |||| 00| 0 eng d | ||
| 082 | _aX1x73 Un3 | ||
| 100 | _aCommittee on Engineers and Scientists for Federal Governmen | ||
| 245 |
_aSummary report of survey of attitudes of scientists and engineers in government and industry _cby Committee on Engineers and Scientists for Federal Government Programmes, United States |
||
| 260 |
_aWashington _bGovernment Printing Office _c1957 |
||
| 300 | _a78+p. | ||
| 999 |
_c498748 _d498748 |
||